Droit civil: les obligations
Պահպանված է:
| Հիմնական հեղինակ: | |
|---|---|
| Ձևաչափ: | Գիրք |
| Լեզու: | ֆրանսերեն |
| Հրապարակվել է: |
París
Montchrestien
2007
|
| Հրատարակություն: | 11a. ed |
| Շարք: | Domat Droit Privé
|
| Խորագրեր: | |
| Ցուցիչներ: |
Ավելացրեք ցուցիչ
Չկան պիտակներ, Եղեք առաջինը, ով նշում է այս գրառումը!
|
MARC
| LEADER | 00000nam a2200000 a 4500 | ||
|---|---|---|---|
| 001 | UCI7988 | ||
| 003 | CL-VaPUC | ||
| 008 | 080731e20070000FR |||||||||||||||||fre|d | ||
| 020 | |a 9782707615466 | ||
| 082 | 0 | 4 | |a 346.4402 |b BEN |2 21 |
| 100 | 0 | |a Bénabent, Alain |e author |9 531438 | |
| 245 | 1 | 0 | |a Droit civil: les obligations |
| 250 | |a 11a. ed | ||
| 942 | |c BK | ||
| 945 | |d 20080731 00:00:00 |a jtorresc | ||
| 260 | |a París |b Montchrestien |c 2007 | ||
| 650 | 0 | |a Derecho civil |9 255013 | |
| 650 | 0 | |a Derecho francés |9 385145 | |
| 650 | 7 | |a OLBLIGACIONES |2 CL-VaPUC |9 531439 | |
| 583 | |a last modification |c 20080731 00:00:00 |k Rodrigo Vera | ||
| 490 | 0 | |a Domat Droit Privé | |
| 999 | |c 331093 |d 331091 | ||
| 952 | |0 0 |1 0 |4 0 |6 346_440200000000000_BEN_2007 |7 0 |8 A |9 417207 |a BIBDER |b BIBDER |d 2019-11-22 |i 4465466 |o 346.4402 BEN 2007 |p 4465466 |r 2023-01-25 |w 2019-11-22 |y BK |k DER | ||